000 00599nam a2200217Ia 4500
003 GCL
008 140319s9999 xx 000 0 eng d
020 _a039474067X
040 _aGCL /
_cGCL
082 0 4 _a950.072
_bS O
100 1 _aSAID, EDWARD W.
245 1 0 _aORIENTALISM /
_cSAID, EDWARD W.
260 _aنيويورك :
_bVINTAGE BOOKS ،
_c1979
300 _a ؛
_cX1, 394 P
650 0 4 _aIMPERIALISM
650 0 4 _aASIA - FOREIGN OPINION, OCCIDENTAL
650 0 4 _aASIA - STUDY AND TEACHING
650 0 4 _aNEAR EAST - STUDY AND TEACHING
650 0 4 _aEAST AND WEST
942 _2ddc
_cBK
999 _c4678
_d4678